Už ste sa rozhodli komu poskytnete 1-percento zaplatenej dane?
Spôsob, termín, podmienky na poukázanie 1-percenta zo zaplatenej daňovej povinnosti fyzických osôb združeniam uvedených v zozname notárskej komory.
Uložené v:
| Hlavný autor: | |
|---|---|
| Médium: | Kapitola |
| Jazyk: | Slovak |
| Predmet: | |
| Tagy: |
Žiadne tagy, Buďte prvý, kto otaguje tento záznam!
|
MARC
| LEADER | 00000naa a2200000 4500 | ||
|---|---|---|---|
| 001 | r044142 | ||
| 005 | 20230925125224.5 | ||
| 041 | 0 | |a slo | |
| 044 | |a SK | ||
| 245 | 1 | 0 | |a Už ste sa rozhodli komu poskytnete 1-percento zaplatenej dane? |c Svetlana Faiglová |
| 520 | |a Spôsob, termín, podmienky na poukázanie 1-percenta zo zaplatenej daňovej povinnosti fyzických osôb združeniam uvedených v zozname notárskej komory. | ||
| 610 | 2 | 0 | |a dane |
| 610 | 2 | 0 | |a dane z príjmov |
| 610 | 2 | 0 | |a daňovníci |
| 610 | 2 | 0 | |a združenia občianske |
| 610 | 2 | 0 | |a osoby fyzické |
| 610 | 2 | 0 | |a úpravy právne |
| 100 | 1 | |a Faiglová, Svetlana | |